[Event "NATO-ch 13th"]
[Site "Brest"]
[Date "2002.10.??"]
[Round "1.4"]
[White "Mai, Philipp"]
[Black "Zegin, Sedat"]
[Result "1-0"]
[WhiteElo "2290"]
[BlackElo "2008"]
[PlyCount "58"]
[EventDate "2002.10.07"]
[EventType "swiss"]
[EventRounds "7"]
[EventCountry "FRA"]
[SourceTitle "EXT 2003"]
[Source "ChessBase"]
[SourceDate "2002.11.25"]
[SourceVersion "1"]
[SourceVersionDate "2002.11.25"]
[SourceQuality "1"]

1. e4 c5 2. Nf3 Nc6 3. d4 cxd4 4. Nxd4 Nf6 5. Nc3 e5 6. Ndb5 d6 7. Bg5 a6 8. Na3 b5 9. Bxf6 gxf6 10. Nd5 f5 11. g3 fxe4 12. Bg2 Be6 13. Bxe4 Bg7 14. Nf6+ Bxf6 15. Bxc6+ Ke7 16. c3 Rb8 17. Nc2 a5 18. Ne3 Bg5 19. Nd5+ Kf8 20. a4 bxa4 21. 0-0 Rxb2 22. Qxa4 Qc8 23. Rab1 Bxd5 24. Bxd5 Qxc3 25. Qd7 Be7 26. Qf5 f6 27. Rbc1 Qd4 28. Qe6 Kg7 29. Qxe7+ Kh6 1-0